Şahmat fiqurları - Statistics

General Stats
  • This quiz has been taken 28 times
  • The average score is 27 of 32
Answer Stats
Fiqura % Correct
100%
100%
100%
100%
100%
94%
94%
94%
94%
94%
94%
94%
94%
94%
94%
94%
81%
81%
81%
81%
81%
75%
75%
75%
75%
75%
75%
69%
69%
63%
63%
63%
No matching quizzes found
Score Distribution
Percent of People with Each Score
Percentile by Number Answered
Your Score History
You have not taken this quiz